000 00518nam a22001931 4500
001 med47002278
003 DLC
005 20260227111605.0
008 840906s1945 fr a 00000bfre
010 _amed47002278 //r84
040 _aDLC/ICU
_cICU
050 0 _aR507.V4
_bB5
082 0 _a926.1
100 1 0 _aBinet, M. E.
245 1 3 _aUn médecin pas ordinaire, le docteur Véron.
260 0 _aParis,
_bMichel
_c[c1945]
300 _a324, [1] p.
_billus.
_c20 cm.
600 1 0 _aVéron, Louis Désiré,
_d1798-1867.
999 _c38550
_d38550